Rutger Hauer Filmography - Statistics

General Stats
  • This quiz has been taken 36 times
    17 since last reset
  • The average score is 128 of 186
Answer Stats
Type Year Name % Correct
Film 1982 Blade Runner
100%
Film 1992 Split Second
100%
Film 2014 2047 - Sights of Death
75%
Film 2017 24 Hours to Live
75%
Film 1984 A Breed Apart
75%
TV Show 2003 Alias
75%
Film 2011 All for One
75%
TV Film 1994 Amelia Earhart: The Final Flight
75%
Film 1993 Arctic Blue
75%
TV Mini-Series 1989 Beyond Justice
75%
Film 2016 Beyond Valkyrie: Dawn of the 4th Reich
75%
Film 2011 Black Butterflies
75%
Film 1997 Blast
75%
Film 1997 Bleeders
75%
Film 1989 Blind Fury
75%
TV Film 1993 Blind Side
75%
Film 1989 Bloodhounds of Broadway
75%
Film 1998 Bone Daddy
75%
Film 2020 Break
75%
Film 2008 Bride Flight
75%
Film 1992 Buffy the Vampire Slayer
75%
Film 1981 Chanel Solitaire
75%
TV Show 2018 Channel Zero: Butcher's Block
75%
Short Film 2015 Clones
75%
Film 1974 Cold Blood
75%
Film 2002 Confessions of a Dangerous Mind
75%
Film 2018 Corbin Nash
75%
Film 1996 Crossworlds
75%
Film 1989 Crystal or Ash, Fire or Wind, as Long as It's Love
75%
TV Film 1975 Cyrano de Bergerac
75%
Film 2007 Dead Tone
75%
Film 1997 Deathline
75%
Film 2012 Dracula 3D
75%
Film 2005 Dracula III: Legacy
75%
Film 2016 Drawing Home
75%
Film 2026 Emperor
75%
TV Film 1987 Escape from Sobibor
75%
Film 1983 Eureka
75%
TV Film 1994 Fatherland
75%
Film 1985 Flesh and Blood
75%
TV Mini-Series 2013 Flight of the Storks
75%
TV Show 1969 Floris
75%
TV Show 1975 Floris von Rosemund
75%
Film 2001 Flying Virus
75%
TV Film 2014 Francesco
75%
TV Show 2015 Galavant
75%
Film 2017 Gangsterdam
75%
Film 2007 Goal II: Living the Dream
75%
Video Game 2017 >observer_
75%
Commercial 1987-1994, 2004 Guinness
75%
Film 2010 Happiness Runs
75%
Film 1974 Hard to Remember
75%
Film 2011 Hobo with a Shotgun
75%
TV Film 1997 Hostile Waters
75%
Film 2013 Il Futuro
75%
TV Film 1982 Inside the Third Reich
75%
Film 2004 In the Shadow of the Cobra
75%
Film 2019 Iron Mask
75%
Film 1975 Katie Tippel
75%
Video Game 2019 Kingdom Hearts III
75%
Film 1997 Knockin' on Heaven's Door
75%
Film 1985 Ladyhawke
75%
TV Show 1997 Lexx
75%
Documentary 2024 Like Tears in Rain
75%
Film 2001 Lying in Wait
75%
Film 2008 Magic Flute Diaries
75%
Film 1996 | 2019 Mariette in Ecstasy
75%
TV Show 2016 Mata Hari
75%
Film 1976 Max Havelaar
75%
Film 2006 Mentor
75%
TV Mini-Series 1998 Merlin
75%
TV Show 2012 Métal Hurlant Chronicles
75%
TV Film 2012 Michelangelo - Il Cuore e la Pietra
75%
Film 2006 Minotaur
75%
Film 2007 Moving McAllister
75%
TV Film 1995 Mr. Stitch
75%
Film 1999 New World Disorder
75%
Film 1981 Nighthawks
75%
Documentary Mini-Series 2013 North America
75%
Film 1994 Nostradamus
75%
Film 1996 Omega Doom
75%
Film 2000 Partners in Crime
75%
Film 1991 Past Midnight
75%
Film 1978 Pastorale 1943
75%
TV Show 2017-2019 Porters
75%
Film 1996 Precious Find
75%
Film 2013 Real Playing Game
75%
TV Mini-Series 2004 Salem's Lot
75%
Film 2018 Samson
75%
Film 2002 Scorcher
75%
Film 1999 Simon Magus
75%
Film 2005 Sin City
75%
TV Show 2003 Smallville
75%
Film 1977 Soldier of Orange
75%
Film 1980 Spetters
75%
Film 2008 Spoon
75%
TV Film 2007 Starting Over
75%
Film 1994 Surviving the Game
75%
Film 1998 Tactical Assault
75%
Film 2004 Tempesta
75%
TV Mini-Series 2000 The 10th Kingdom
75%
Film 1994 The Beans of Egypt, Maine
75%
Film 1989 The Blood of Heroes
75%
Film 2017 The Broken Key
75%
TV Film 1997 The Call of the Wild: Dog of the Yukon
75%
Film 2011 The Cardboard Village
75%
TV Film 1989 The Edge
75%
Film 2011 The Heineken Kidnapping
75%
Film 1986 The Hitcher
75%
Film 2006 The Hunt for Eagle One
75%
TV Show 2015 The Last Kingdom
75%
Short Film 2001 The Last Words of Dutch Schultz
75%
TV Mini-Series 1991 The Law of the Desert
75%
Film 1988 The Legend of the Holy Drinker
75%
Film 2011 The Mill and the Cross
75%
Film 1983 The Osterman Weekend
75%
TV Show 1972 The Pathfinders
75%
TV Film 2005 The Poseidon Adventure
75%
TV Film 2008 The Prince of Motor City
75%
Documentary Mini-Series 2014 The Real History of Science Fiction
75%
Film 2011 The Reverend
75%
Film 2011 The Rite
75%
Short Film 2001 The Room
75%
TV Film 1997 The Ruby Ring
75%
Film 2015 The Scorpion King 4: Quest for Power
75%
Film 2018 The Sisters Brothers
75%
Film 2018 The Sonata
75%
Film 1975 The Wilby Conspiracy
75%
Film 2009 | TBA Tonight at Noon
75%
TV Show 2013-2014 True Blood
75%
Film 2001 Turbulence 3: Heavy Metal
75%
Film 1973 Turkish Delight
75%
Documentary 2015 Unity
75%
TV Film 1993 Voyage
75%
TV Show 1973 Waaldrecht
75%
Film 2002 Warrior Angels
75%
Film 2015 WAX: We Are the X
75%
Film 1991 Wedlock
75%
Film 2000 Wilder
75%
TV Show 2014 Wilfred
75%
Short Film 2009 3
50%
Film 2012 Agent Ranjid rettet die Welt
50%
Film 2012 Bachelor Trip
50%
Film 2009 Barbarossa
50%
Film 2005 Batman Begins
50%
Film 1995 Blood of the Innocent
50%
Short Film 2016 Cuba Libre
50%
Film 2009 Dazzle
50%
Film 2003 Dracula II: Ascension
50%
TV Show 1979 Duel in de diepte
50%
TV Film 1979 Es Begann bei Tiffany
50%
Short Film 2016 Genderness
50%
Film 1979 Grijpstra & De Gier
50%
TV Film 1978 Heilige Jeanne
50%
Short Film 2013 Isip the Warrior
50%
Short Film 2013 I Turned Her to the Left
50%
Film 2001 Jungle Juice
50%
Commercial 2009 Lurpak Butter
50%
Film 2015 Michiel de Ruyter
50%
Film 2005 Mirror Wars: Reflection One
50%
Film 1978 Mysteries
50%
Film 2004 Never Enough
50%
Video Game 2016 No Man's Sky
50%
Documentary Series 1996 Omnibus
50%
Music Video 2000 On a Night Like This
50%
Short Film 2011 Requiem 2019
50%
Film 1973 Rumplestiltskin
50%
Short Film 2007 Sweet Betty
50%
Film 2011 The 5th Execution
50%
Film 2002 The Bankers of God: The Calvi Affair
50%
Film 1979 The Bank Robbery
50%
Film 2006 The Hunt for Eagle One: Crash Point
50%
Film 2014 The Letters
50%
Short Film 2008 The Rhapsody
50%
Film 1975 The Year of the Cancer
50%
TV Film 1992 T.V.
50%
Film 2017 Valerian and the City of a Thousand Planets
50%
Film 1987 Wanted: Dead or Alive
50%
Film 1978 Woman Between Wolf and Dog
50%
Film 1976 La Donneuse
25%
TV Film 1978 Saint Joan
25%
TV Show 1986 The Max Headroom Show
25%
Film 2019 Viy 2: Journey to China
25%
TV Mini-Series 1979 Voor Koningin en Vaderland
0%
No matching quizzes found
Score Distribution
Percent of People with Each Score
Percentile by Number Answered
Your Score History
You have not taken this quiz since the last reset